MDQL
is popping MORE tags! Check the
thread
!
Quizzes
Events
Quiz Creation
Community
Videos
Private Events
Remove Ads
Sign In
Join for FREE
Feedback
Dark Mode
Quiz Categories
Sports
Geography
Music
Movies
Television
Just For Fun
Miscellaneous
History
Literature
Language
Science
Gaming
Entertainment
Religion
Holiday
For Kids
Quiz Lab
Recent
Popular Today
Quiz Kudos Today
Editor Picks
Curator Picks
Quizzes by...
Day
Popularity
Type
Ratings
Length
Year
Community
Subscriptions
Recent Discussions
Orange Saloon
Badges
Playlists
Quests
Create
Leaderboards
Showdown
Live 5
Trivia Bingo
Activity
Puzzle Library
Sporcle Events
Private Events
Virtual Trivia
Globe League
Become a Host
Pub Owners
SporcleCon
Opinionation
Our Games
Videos
Blog
Mobile Apps
Partnerships
Remove Ads and Go Orange
Feedback
Miscellaneous
Crossword
General Knowledge
Baby Names
Logo
Food
Cars
Numbers
Grab Bag
University
College
Popular
Company
Slogans
Restaurants
Justice
Letter
Miscellaneous
Crossword
General Knowledge
Baby Names
Logo
Food
Cars
Numbers
Grab Bag
University
College
Popular
Company
Slogans
Restaurants
Justice
Letter
Random Quiz
Search Sporcle
×
Quiz Lab
Quiz Lab
Miscellaneous
kind
Type in answers that appear in a list
Type in answers that appear in a list
Classic
Best Score? Go Orange.
Six of a Kind II Stats
Can you name the answers (two words or more) and the category that describes one word in each answer per group?
By
giveupyet
8m
28 Questions
799 Plays
799 Plays
799 Plays
Comments
Comments
Give Quiz Kudos
Give Quiz Kudos
-
- Ratings
hide this ad
Replay
Link that replays current quiz
Next Quiz
Link to next quiz in quiz playlist
You Got
0%
They Got
Avg Score
48%
Avg Friend Score
Upgrade to see
Score Distribution
Jump to the score distribution portion of the page
Score
0/28
Timer
08:00
0
Plays Today
Category
Answer
% Correct
Category 2
Big Bird
88.5%
Category 3
Iron Man
80.1%
Category 1
'Anger Management'
72%
Category 2
Wile E. Coyote
71.1%
Category 2
Animals
70.8%
Category 3
Chemical Elements
69.5%
Category 3
Oxygen mask
69.2%
Category 2
Hot dog
69.1%
Category 1
Three-toed sloth
60.8%
Category 3
Silicon Valley
58.3%
Category 3
Carbon dating
56.1%
Category 1
Pride Rock
55.3%
Category 2
'The Princess and the Frog'
54.3%
Category 4
Letters of the Alphabet
54.3%
Category
Answer
% Correct
Category 4
'V for Vendetta'
51.1%
Category 3
Hydrogen bomb
50.2%
Category 4
F. Scott Fitzgerald
48.3%
Category 1
Seven Deadly Sins
46.9%
Category 4
'The X Factor'
46.7%
Category 4
'The L Word'
44.7%
Category 2
'The Taming of the Shrew'
41.6%
Category 2
Jacksonville Jaguars
38.5%
Category 4
S Club 7
22.5%
Category 4
'Rated R'
10.3%
Category 3
'Band of Gold'
9.5%
Category 1
'Lust for Life'
7.8%
Category 1
Envy on the Coast
3.5%
Category 1
Greed Magazine
1.4%
Quiz Playlist
Details
Report
Send in Message
Add To Playlist
Classic:
Type in answers that appear in a list
Last Updated: Feb 16, 2017
Quiz Scoreboard
CHALLENGE
Sign Up to Join the Scoreboard
Show All
Scores
Hide
Comments
May contain spoilers
Recently Published
1-10 Letter E Words III
by El_Dandy
Language
2m
Street Fighter Characters
by Artimus82
Gaming
60s
College Basketball Coaching Resumes
by pancakes188
Sports
9m
More to Explore
Quiz From the Vault
Featured Blog Post
Where Did the Easter Bunny Come From?
hide this ad
You Might Also Like...
Tags
Category
describe
group
kind
Six
Today's Top Quizzes in Miscellaneous
Browse Miscellaneous
hide this ad
Today's Top Quizzes in kind
Browse kind
Top Contributed Quizzes in Miscellaneous
1
5-to-1: Fast Food
2
The JOE quick-fire general knowledge quiz: Day 174
3
The JOE quick-fire general knowledge quiz: Day 173
4
5-to-1: Cocktails
5
The JOE quick-fire general knowledge quiz: Day 172
6
9x9 Crossword: Disney Movie Titles
7
9x9 Crossword: Charlie and the Chocolate Factory
8
Sunday Crossword: Famous Bodies of Water
9
The JOE quick-fire general knowledge quiz: Day 171
10
9x9 Crossword: Flags
Explore More
Trending Topics
Disney
Anime
Kpop
NBA
Marvel
Harry Potter
Crossword
NFL
WWE
Country
Song
Puzzle
Soccer
Pokémon
The Office
hide this ad
More By:
giveupyet
Quiz
Plays
Rating
Category
Featured
Created
Disney Films in 8 Words
1,597,164
4.46
Movies
Oct 5, 2010
Disney-pedia: The Disney Princesses
418,462
4.20
Movies
Apr 12, 2013
Disney-pedia
289,634
4.49
Movies
Jan 16, 2013
The Answer Is a Film Title
288,023
4.55
Movies
Feb 18, 2014
Halfsies: Taylor Swift Songs
218,279
4.45
Music
Apr 27, 2014
Go to Creator's Profile
Score Distribution
Quiz Creator Spotlight
giveupyet
Follow
Send a Message
Quizzes Created
-
Created Quiz Play Count
-
More By This Creator
Popular Quizzes Today
1
Find the US States - No Outlines Minefield
2
Find the Countries of Europe - No Outlines Minefield
3
The Countries of the World
4
Find the US States
5
Risky Map Clicking: Biggest States A-Z
6
US States
7
Popular People in 1961
8
Movies - When Are They Set?
More Miscellaneous Quizzes
Sets of Three X
Published
Trending Quizzes
Risky Map Clicking: Least Populous States A-Z
1-10 Letter G Words
1-10 Letter F Words
Countries of the World: 200 Million BC
Risky Map Clicking: Next State Alphabetically
Recently Updated
Beyoncé Albums
pecheneg
Leaping Animals
pecheneg
Reality TV Shows (A-Z)
bhenderson79
Rickey Henderson's Hall of Fame Teammates
pecheneg
Champions League XIs: Arsenal
pecheneg
Quick Pick: Celebrities in WWE's Hall of Fame
aduchscher
A-Z Keypad Blitz II
pecheneg
Multiple Oscar Actors
pecheneg
Mystery Phrase Blitz: Oscar 'Best Actors'
pecheneg
F. Scott Fitzgerald Novels
LTH
Trending Topics
Disney
Anime
Harry Potter
Crossword
Kpop
Marvel
NBA
The Office
Song
Pokémon
Country
Soccer
WWE
Puzzle
NFL
Your Account Isn't Verified!
In order to create a playlist on Sporcle, you need to verify the email address you used during registration. Go to your
Sporcle Settings
to finish the process.
Report this User
Report this user for behavior that violates our
Community Guidelines
.
Details:
Send Report
Go to the Sporcle.com Mobile Site →
Comments